[Event "ITT Ciudad de Villa Martelli"]
[Site "Villa Martelli, ARG"]
[Date "2011.08.01"]
[Round "1"]
[White "Liascovich, Lucas Agustin"]
[Black "Rego, Vinicius V. de Almeida"]
[Result "1-0"]
[WhiteElo "2428"]
[BlackElo "2273"]

1. Nf3 Nf6 2. b3 g6 3. Bb2 Bg7 4. g3 O-O 5. Bg2 c5 6. c4 Nc6 7. O-O d6 8. Nc3
Rb8 9. d4 Nd7 10. d5 Nce5 11. Nxe5 Nxe5 12. h3 a6 13. a4 Nd7 14. Qc2 Nf6 15.
f4 Bd7 16. e4 b5 17. axb5 axb5 18. e5 bxc4 19. exf6 cxb3 20. Qd2 Bxf6 21.
Rfe1 Bf5 22. Kh2 Rb7 23. Nd1 Bxb2 24. Nxb2 Qb6 25. g4 Bc2 26. Ra4 Ra7 27. Rxa7
Qxa7 28. Be4 Qa2 29. Qc3 Rb8 30. Re2 Bxe4 31. Rxe4 Qb1 32. Re2 Rb4 33. Qe3
Qf1 34. Rf2 Re4 35. Qf3 Qe1 36. f5 g5 37. Qg2 Qc3 38. Qxe4 1-0

[Event "ITT Ciudad de Villa Martelli"]
[Site "Villa Martelli, ARG"]
[Date "2011.08.01"]
[Round "1"]
[White "Menna Barreto, Felipe Kubiaki"]
[Black "Mayorga, Nicolas"]
[Result "1/2-1/2"]
[WhiteElo "2193"]
[BlackElo "2330"]

1. Nf3 c5 2. b3 d5 3. e3 Nf6 4. Bb2 g6 5. c4 Bg7 6. cxd5 Qxd5 7. Nc3 Qd8 8.
Ne4 Nbd7 9. Qc2 b6 10. Bb5 O-O 11. Bxd7 Qxd7 12. Nxf6+ Bxf6 13. Bxf6 exf6 14.
d4 Qg4 15. O-O Bb7 16. h3 Qh5 17. Qe2 Bxf3 18. Qxf3 Qxf3 19. gxf3 cxd4 20.
exd4 Rfd8 21. Rad1 Rd5 22. Rfe1 Rad8 23. Re7 a5 24. Rc1 Rxd4 25. Rcc7 Rf8 26.
Rc6 Rb4 27. Rb7 b5 28. Rcb6 a4 29. Rxb5 Rxb5 30. Rxb5 axb3 31. axb3 Rc8 32.
Rb7 Rc3 33. Kg2 g5 34. f4 gxf4 35. b4 Rb3 36. h4 Kg7 37. b5 Kg6 38. b6 h5 39.
Rb8 Kf5 40. b7 Rb6 41. Kf3 Rb2 42. Kg2 f3+ 43. Kxf3 Rb3+ 44. Kg2 Kf4 45. Rh8
Rxb7 46. Rxh5 Kg4 47. Rh6 f5 48. Rf6 Kf4 49. Ra6 Kg4 50. Ra4+ f4 51. f3+ Kf5
52. Ra5+ Ke6 53. Kh3 f5 54. Ra6+ Ke5 55. Ra5+ Ke6 56. Ra6+ Ke5 57. Ra5+ Ke6
58. Ra6+ Kd5 59. Ra5+ Ke6 60. Ra6+ Ke5 61. Ra5+ 1/2-1/2

[Event "ITT Ciudad de Villa Martelli"]
[Site "Villa Martelli, ARG"]
[Date "2011.08.01"]
[Round "1"]
[White "Latorre, Matias"]
[Black "Saldano Dayer, Horacio"]
[Result "1/2-1/2"]
[WhiteElo "2258"]
[BlackElo "2428"]

1. d4 Nf6 2. c4 e6 3. g3 Bb4+ 4. Bd2 a5 5. Bg2 O-O 6. Nf3 b6 7. Ne5 Ra7 8.
O-O Ba6 9. Bxb4 axb4 10. a3 d6 11. axb4 dxe5 12. dxe5 Ng4 13. b5 Nxe5 14. b3 c5
15. Qc1 Qc7 16. Qf4 Bxb5 17. Rxa7 Qxa7 18. Qxe5 Bc6 19. Qd6 Bxg2 20. Kxg2
Qb7+ 21. Kg1 Nc6 22. Rd1 h6 23. Qd7 Qa8 24. Qc7 Nd4 25. Nc3 Qa5 26. Na4 Nxe2+
27. Kf1 Nd4 28. Nxb6 Qa2 29. Re1 Nxb3 30. Nd7 Nd2+ 31. Kg2 Qa8+ 32. Kh3 Rc8
33. Ra1 Qc6 34. Qxc6 Rxc6 35. Ra8+ Kh7 36. Nf8+ Kg8 37. Ng6+ Kh7 38. Nf8+
1/2-1/2

[Event "ITT Ciudad de Villa Martelli"]
[Site "Villa Martelli, ARG"]
[Date "2011.08.01"]
[Round "1"]
[White "Della Morte, German"]
[Black "Fabian, Gaston"]
[Result "0-1"]
[WhiteElo "2368"]
[BlackElo "2317"]

1. e4 c5 2. Nc3 d6 3. f4 g6 4. Bc4 Bg7 5. Nf3 Nc6 6. O-O Nf6 7. d3 O-O 8. a4
e6 9. Qe1 Nd4 10. Nxd4 cxd4 11. Nd1 d5 12. Bb3 dxe4 13. dxe4 b6 14. Nf2 Ba6
15. Nd3 Bb7 16. f5 Nxe4 17. fxe6 fxe6 18. Nf4 Nc5 19. Nxe6 Nxe6 20. Qxe6+ Kh8
21. Bd2 d3 22. Bc3 Bxc3 23. bxc3 Qg5 24. g3 0-1

[Event "ITT Ciudad de Villa Martelli"]
[Site "Villa Martelli, ARG"]
[Date "2011.08.01"]
[Round "1"]
[White "Della Morte, Pablo"]
[Black "Guerrero, Alvaro"]
[Result "1-0"]
[WhiteElo "2319"]
[BlackElo "2210"]

1. e4 c6 2. d4 d5 3. Nd2 dxe4 4. Nxe4 Bf5 5. Ng3 Bg6 6. h4 h6 7. Nf3 e6 8.
Ne5 Bh7 9. Bd3 Bxd3 10. Qxd3 Nf6 11. Bd2 Bd6 12. f4 Nbd7 13. O-O-O Qc7 14. Qf3
O-O 15. Ne2 h5 16. g4 Bxe5 17. fxe5 hxg4 18. Qf4 Ne8 19. Qxg4 c5 20. Bc3 cxd4
21. Qxd4 Nc5 22. h5 a5 23. h6 g6 24. Qc4 Rc8 25. Nd4 Ne4 26. Qxc7 Nxc7 27.
h7+ Kg7 28. Bxa5 Nd5 29. Rh4 Ng3 30. Rg1 Nf5 31. Nxf5+ exf5 32. Bd2 Rh8 33.
Rgh1 f6 34. Rd4 Rcd8 35. c4 fxe5 36. Rxd5 1-0

[Event "ITT Ciudad de Villa Martelli"]
[Site "Villa Martelli, ARG"]
[Date "2011.08.02"]
[Round "2"]
[White "Saldano Dayer, Horacio"]
[Black "Della Morte, German"]
[Result "1-0"]
[WhiteElo "2428"]
[BlackElo "2368"]

1. g3 Nf6 2. Bg2 g6 3. Nf3 Bg7 4. O-O O-O 5. d4 d6 6. a4 Na6 7. Nc3 c5 8. e4
cxd4 9. Nxd4 Bg4 10. Qd2 Qc8 11. Re1 Bh3 12. Nf5 Bxf5 13. exf5 Qxf5 14. Bxb7
Nb4 15. Bxa8 Nxc2 16. Be4 Nxe1 17. Qxe1 Qh5 18. Bg2 Rb8 19. h3 a6 20. Qe2
Qxe2 21. Nxe2 Nd7 22. Nc3 Nc5 23. Bf1 Bd4 24. Ra2 e6 25. Bf4 e5 26. Be3 Rb4 27.
a5 Kf8 28. Nd5 Rxb2 29. Rxb2 Bxb2 30. Bxc5 dxc5 31. Bxa6 Ke8 32. Bc4 Kd7 33.
a6 Kc8 34. Nf6 1-0

[Event "ITT Ciudad de Villa Martelli"]
[Site "Villa Martelli, ARG"]
[Date "2011.08.02"]
[Round "2"]
[White "Mayorga, Nicolas"]
[Black "Latorre, Matias"]
[Result "1/2-1/2"]
[WhiteElo "2330"]
[BlackElo "2258"]

1. d4 Nf6 2. c4 e6 3. Nc3 d5 4. Bg5 Bb4 5. Nf3 h6 6. Bxf6 Qxf6 7. Rc1 O-O 8.
a3 Bxc3+ 9. Rxc3 c6 10. e3 Nd7 11. cxd5 exd5 12. Be2 Qd6 13. O-O Nf6 14. Ne5
Bf5 15. Bd3 Bxd3 16. Qxd3 Nd7 17. Nxd7 Qxd7 18. b4 Rfc8 19. Rfc1 a5 20. Qc2
axb4 21. axb4 Ra6 22. h3 Rca8 23. b5 Ra2 24. bxc6 bxc6 25. Qb1 g6 26. Rxc6 Ra1
27. Qb6 Qf5 28. Qb7 R1a2 29. R6c2 Kg7 30. Qc7 Rxc2 31. Rxc2 Kh7 32. Rb2 Ra1+
33. Kh2 Rf1 34. f3 Re1 35. Qe7 Qf4+ 36. exf4 Rxe7 37. Rb5 Rd7 38. g4 Rd6 39.
h4 h5 40. Kg3 Kg7 41. f5 hxg4 42. fxg4 gxf5 43. gxf5 f6 44. Rb7+ Kh6 45. Rf7
Ra6 46. Kf4 Rd6 47. Kg4 Ra6 48. Rd7 Ra1 49. Rxd5 Rg1+ 50. Kf3 Kh5 51. Rd8
Rf1+ 52. Ke4 Re1+ 53. Kd5 Kg4 54. Kc6 Rc1+ 55. Kd6 Kxf5 56. d5 Kg4 57. Rg8+
Kxh4 58. Ke6 Rd1 59. d6 f5 60. d7 f4 61. d8=Q+ Rxd8 62. Rxd8 f3 63. Rd3 Kg3 64.
Kf5 Kg2 65. Kg4 f2 66. Rg3+ Kh2 67. Rf3 Kg1 68. Rg3+ Kh2 69. Rf3 1/2-1/2

[Event "ITT Ciudad de Villa Martelli"]
[Site "Villa Martelli, ARG"]
[Date "2011.08.02"]
[Round "2"]
[White "Liascovich, Lucas Agustin"]
[Black "Menna Barreto, Felipe Kubiaki"]
[Result "1-0"]
[WhiteElo "2428"]
[BlackElo "2193"]

1. Nf3 Nf6 2. b3 e6 3. Bb2 b6 4. g3 Bb7 5. Bg2 Be7 6. O-O O-O 7. c4 c5 8. e3
d5 9. Qe2 Nc6 10. Rd1 Rc8 11. Nc3 dxc4 12. bxc4 Qc7 13. Rac1 Rfd8 14. d3 Qb8
15. Ng5 h6 16. Nge4 Rd7 17. Nd5 Nxd5 18. cxd5 Rxd5 19. f4 Rcd8 20. Qg4 e5 21.
Nf2 Bc8 22. Qe2 exf4 23. Bxd5 Rxd5 24. gxf4 f5 25. Qh5 Qc7 26. d4 Bb7 27.
dxc5 Rxd1+ 28. Rxd1 Bxc5 29. Qe8+ Bf8 30. Rd7 1-0

[Event "ITT Ciudad de Villa Martelli"]
[Site "Villa Martelli, ARG"]
[Date "2011.08.03"]
[Round "3"]
[White "Latorre, Matias"]
[Black "Liascovich, Lucas Agustin"]
[Result "1/2-1/2"]
[WhiteElo "2258"]
[BlackElo "2428"]

1. d4 Nf6 2. c4 e6 3. g3 c5 4. Nf3 Qa5+ 5. Bd2 Qb6 6. b4 cxb4 7. a3 bxa3 8.
Nxa3 Ne4 9. c5 Qd8 10. Bf4 g5 11. Qc2 d5 12. Nxg5 Qa5+ 13. Bd2 Nxd2 14. Qxd2
Qxd2+ 15. Kxd2 Bd7 16. e3 Nc6 17. Nb5 Rc8 18. Nxa7 Ra8 19. Bb5 Nxa7 20. Bxd7+
Kxd7 21. Nxf7 Rg8 22. Ra2 Bxc5 23. dxc5 Nc6 24. Rb2 b6 25. Rxb6 Ra2+ 26. Kc3
Ra3+ 27. Kd2 Ra2+ 28. Kd3 Rga8 29. Rhb1 Rxf2 30. Rb7+ Kc8 31. Nd6+ Kd8 32.
Nb5 Raa2 33. Nd4 Rfd2+ 34. Kc3 Nxd4 35. Rb8+ Kc7 36. R1b7+ Kc6 37. Rb6+ Kc7 38.
R8b7+ Kc8 39. exd4 Rdc2+ 40. Kd3 Rxh2 41. Ke3 Rae2+ 42. Kd3 Ra2 43. Rb3 Rhf2
44. Rb8+ Kc7 45. R3b7+ Kc6 46. Rb6+ Kc7 1/2-1/2

[Event "ITT Ciudad de Villa Martelli"]
[Site "Villa Martelli, ARG"]
[Date "2011.08.03"]
[Round "3"]
[White "Della Morte, German"]
[Black "Mayorga, Nicolas"]
[Result "1-0"]
[WhiteElo "2368"]
[BlackElo "2330"]

1. e4 c6 2. d4 d5 3. Nd2 dxe4 4. Nxe4 Nd7 5. Bc4 Ngf6 6. Ng5 e6 7. Qe2 Nb6 8.
Bb3 h6 9. N5f3 c5 10. dxc5 Bxc5 11. Ne5 O-O 12. Ngf3 a5 13. a4 Nbd5 14. O-O
Qc7 15. Re1 b6 16. Qc4 Ba6 17. Qh4 Be7 18. c4 Nb4 19. Qg3 Kh7 20. Ng6 Rfc8
21. Nxe7 Qxe7 22. Ne5 Nd7 23. Bf4 Nc5 24. Bd1 Nc6 25. Bc2+ Kh8 26. Ng6+ fxg6
27. Qxg6 Kg8 28. Qh7+ Kf7 29. Bg6+ Kf6 30. Bg3 Kg5 31. f4+ Kg4 32. Re3 Rh8 33.
h3# 1-0

[Event "ITT Ciudad de Villa Martelli"]
[Site "Villa Martelli, ARG"]
[Date "2011.08.04"]
[Round "4"]
[White "Rego, Vinicius V. de Almeida"]
[Black "Fabian, Gaston"]
[Result "0-1"]
[WhiteElo "2273"]
[BlackElo "2317"]

1. d4 Nf6 2. c4 g6 3. f3 Nc6 4. e4 e5 5. d5 Nd4 6. Ne2 Bc5 7. Bg5 Nxe4 8.
Qxd4 exd4 9. Bxd8 Bb4+ 10. Kd1 Nf2+ 11. Kc1 Kxd8 12. Rg1 d3 13. Nf4 Bc5 14. g3
Re8 15. Ng2 d6 16. Nc3 Bh3 17. Kd2 Ng4 18. fxg4 Bxg1 19. Bxd3 Bb6 20. Nf4 Bxg4
21. Ne4 Bf5 22. Nf6 Be3+ 23. Kc2 Bxf4 24. Bxf5 Be5 0-1

[Event "ITT Ciudad de Villa Martelli"]
[Site "Villa Martelli, ARG"]
[Date "2011.08.04"]
[Round "4"]
[White "Saldano Dayer, Horacio"]
[Black "Guerrero, Alvaro"]
[Result "1-0"]
[WhiteElo "2428"]
[BlackElo "2210"]

1. d4 Nf6 2. Nf3 g6 3. g3 Bg7 4. Bg2 O-O 5. O-O d6 6. b3 Nc6 7. Bb2 e5 8.
dxe5 Ng4 9. Qc1 Ncxe5 10. c4 f5 11. Nxe5 dxe5 12. h3 Nh6 13. Rd1 Qe8 14. Ba3 Rf7
15. Nc3 c6 16. e3 Be6 17. Qc2 Rd8 18. Bc5 a6 19. Bb6 Rxd1+ 20. Rxd1 Rd7 21.
Na4 Nf7 22. Rxd7 Bxd7 23. Qd2 Bc8 24. e4 Qe7 25. Be3 Qd6 26. Qc1 Qd8 27. c5
Bf6 28. Nb6 Be6 29. Nc4 Qd3 30. Na5 Qd7 31. Qd2 Qxd2 32. Bxd2 Nd8 33. exf5
gxf5 34. Bc3 Kf7 35. f4 Be7 36. Bxe5 Bxc5+ 37. Kf1 Bb4 38. Bc7 Ke7 39. Ke2 Bc8
40. Nc4 Ne6 41. Be5 Bc5 42. g4 Nd4+ 43. Kd3 Nb5 44. g5 Be6 45. h4 Bf7 46. Bf3
Nd6 47. Ne3 Be6 48. h5 Ne8 49. Bg2 Kf7 50. Bh3 Bxe3 51. Kxe3 Ng7 52. Bxg7
Kxg7 53. Kd4 a5 54. Ke5 a4 55. Kxe6 1-0

[Event "ITT Ciudad de Villa Martelli"]
[Site "Villa Martelli, ARG"]
[Date "2011.08.04"]
[Round "4"]
[White "Mayorga, Nicolas"]
[Black "Della Morte, Pablo"]
[Result "0-1"]
[WhiteElo "2330"]
[BlackElo "2319"]

1. d4 Nf6 2. c4 g6 3. Nc3 Bg7 4. e4 d6 5. h3 O-O 6. Nf3 Na6 7. Bg5 c6 8. Be2
Nc7 9. O-O d5 10. exd5 cxd5 11. c5 Ne4 12. Bf4 Ne6 13. Be5 f6 14. Bh2 f5 15.
Be5 g5 16. Bxg7 Kxg7 17. Ne5 Nf4 18. Nd3 Ne6 19. Nb4 Nf4 20. Re1 e6 21. Nd3
Nxd3 22. Bxd3 Qf6 23. Bb5 h5 24. Nxe4 fxe4 25. Qxh5 Qxf2+ 26. Kh1 Qh4 27. Qxh4
gxh4 28. Rf1 Rf5 29. Rac1 Kf6 30. c6 bxc6 31. Rxf5+ Kxf5 32. Rf1+ Kg6 33.
Bxc6 Rb8 34. b3 Ba6 35. Re1 Rb4 36. Rd1 e3 37. Kg1 e2 38. Re1 Rxd4 39. Kf2 Kf5
40. Bd7 Rd1 41. a4 d4 42. b4 d3 43. b5 d2 44. Bxe6+ Kf4 45. Rxe2 Rf1+ 46.
Kxf1 d1=Q+ 47. Kf2 Bb7 48. Bg4 Qxa4 49. Bf3 Bxf3 50. gxf3 Qd4+ 51. Kg2 Qg7+ 52.
Kf1 Kxf3 53. Rf2+ Ke3 54. b6 axb6 55. Re2+ Kd3 0-1

[Event "ITT Ciudad de Villa Martelli"]
[Site "Villa Martelli, ARG"]
[Date "2011.08.04"]
[Round "4"]
[White "Liascovich, Lucas Agustin"]
[Black "Della Morte, German"]
[Result "1/2-1/2"]
[WhiteElo "2428"]
[BlackElo "2368"]

1. Nf3 Nf6 2. g3 d5 3. Bg2 g6 4. b3 Bg7 5. Bb2 O-O 6. O-O c6 7. c4 a5 8. Nc3
Bf5 9. d3 Na6 10. Re1 d4 11. Nb1 c5 12. a3 Nb8 13. Ne5 Qc7 14. e4 Bc8 15. f4
Nfd7 16. Nxd7 Bxd7 17. e5 Bc6 18. Nd2 Bxg2 19. Kxg2 Qc6+ 20. Qf3 Qxf3+ 21.
Nxf3 Nc6 1/2-1/2

[Event "ITT Ciudad de Villa Martelli"]
[Site "Villa Martelli, ARG"]
[Date "2011.08.04"]
[Round "4"]
[White "Menna Barreto, Felipe Kubiaki"]
[Black "Latorre, Matias"]
[Result "0-1"]
[WhiteElo "2193"]
[BlackElo "2258"]

1. d4 Nf6 2. Nf3 e6 3. Bg5 h6 4. Bh4 d6 5. Nc3 g5 6. Bg3 Nh5 7. e3 Bg7 8. Qd2
b6 9. O-O-O Bb7 10. d5 Nd7 11. e4 Qe7 12. Nd4 a6 13. Be2 Nxg3 14. hxg3 Qf6
15. dxe6 fxe6 16. Bh5+ Ke7 17. Qe3 b5 18. f4 b4 19. Na4 Rhf8 20. Rhf1 c5 21.
e5 dxe5 22. Nb3 Bd5 23. Nbxc5 exf4 24. Rxd5 Nb6 25. Nxb6 Qxb2+ 26. Kd1 Qa1+
27. Ke2 Qxf1+ 28. Kxf1 fxe3+ 29. Bf3 exd5 30. Nxd5+ Kd6 31. Nb7+ Ke5 32. Nxe3
Rab8 33. Na5 Kd4 34. Ke2 Rbe8 35. Nb3+ Kc3 36. Nc5 Rxe3+ 0-1

[Event "ITT Ciudad de Villa Martelli"]
[Site "Villa Martelli, ARG"]
[Date "2011.08.05"]
[Round "5"]
[White "Latorre, Matias"]
[Black "Rego, Vinicius V. de Almeida"]
[Result "1/2-1/2"]
[WhiteElo "2258"]
[BlackElo "2273"]

1. Nf3 g6 2. g3 Bg7 3. d4 c5 4. Bg2 cxd4 5. Nxd4 Nc6 6. Nb3 Nf6 7. O-O O-O 8.
Nc3 d6 9. Bf4 Bd7 10. Qc1 Rb8 11. Rd1 b5 12. Nc5 b4 13. Nxd7 Qxd7 14. Na4
Rfc8 15. a3 Na5 16. axb4 Nb3 17. Nc5 Rxc5 18. Qb1 Rxb4 19. cxb3 Rxb3 20. Be3
Rc7 21. Rc1 Rxe3 22. fxe3 Bh6 23. Ra3 Qc8 24. Rxc7 Qxc7 25. e4 Be3+ 26. Kh1 Qb6
27. b4 h5 28. Bf3 Bd2 29. Qa1 Bxb4 30. Rxa7 Kg7 31. Rxe7 d5 32. Re5 Qf2 33.
Bg2 Qxe2 34. Rxd5 Qe3 35. Rb5 Bc3 36. Qg1 Qd2 37. Qf1 Ng4 38. Rd5 Bd4 39. h3
Ne3 40. Rxd4 Nxf1 41. Rxd2 Nxd2 42. Kg1 Kf6 43. Kf2 Ke5 44. Ke3 Nc4+ 45. Kd3
Nd6 46. Bf3 f6 47. Ke3 1/2-1/2

[Event "ITT Ciudad de Villa Martelli"]
[Site "Villa Martelli, ARG"]
[Date "2011.08.05"]
[Round "5"]
[White "Della Morte, German"]
[Black "Menna Barreto, Felipe Kubiaki"]
[Result "1-0"]
[WhiteElo "2368"]
[BlackElo "2193"]

1. e4 e6 2. d4 d5 3. Nc3 dxe4 4. Nxe4 Bd7 5. Nf3 Bc6 6. Bd3 Nd7 7. Qe2 Be7 8.
Bd2 Ngf6 9. O-O-O Nxe4 10. Bxe4 Bxe4 11. Qxe4 c6 12. h4 Nf6 13. Qe2 Qd5 14.
c4 Qe4 15. Be3 Ng4 16. Nd2 Qf5 17. Rh3 O-O 18. Bg5 Bxg5 19. hxg5 Qxg5 20.
Rdh1 Nf6 21. Rg3 Qf4 22. Qe5 Qxe5 23. dxe5 Nd7 24. f4 Nc5 25. b4 Na6 26. Ne4
Rfd8 27. Nf6+ Kf8 28. Rxh7 g6 29. a3 Nc7 30. Ne4 Ne8 31. c5 a5 32. Nd6 Nxd6 33.
cxd6 axb4 34. axb4 Ra1+ 35. Kb2 Rda8 36. Rh8+ Kg7 37. Rxa8 Rxa8 38. b5 cxb5
39. Rc3 g5 40. fxg5 b4 41. Rd3 Kg6 42. d7 Rd8 43. Kb3 Kxg5 44. Kxb4 Kf5 45.
Kc5 Kxe5 46. Kb6 Kf6 47. Kxb7 Ke7 48. Kc7 f5 49. Rd6 e5 50. Re6+ Kxe6 51. Kxd8
e4 52. Kc7 1-0

[Event "ITT Ciudad de Villa Martelli"]
[Site "Villa Martelli, ARG"]
[Date "2011.08.06"]
[Round "6"]
[White "Rego, Vinicius V. de Almeida"]
[Black "Saldano Dayer, Horacio"]
[Result "0-1"]
[WhiteElo "2273"]
[BlackElo "2428"]

1. d4 Nf6 2. c4 e6 3. Nf3 b6 4. g3 Bb7 5. Bg2 Bb4+ 6. Bd2 a5 7. O-O O-O 8.
Nc3 d6 9. a3 Bxc3 10. Bxc3 a4 11. b4 axb3 12. Qxb3 Ne4 13. Rfd1 Nxc3 14. Qxc3
Nd7 15. Qb2 Ra5 16. Ra2 Qa8 17. Ne1 Bxg2 18. Nxg2 Qa6 19. Rc1 Ra8 20. Rc3 e5
21. e3 g6 22. Ne1 c5 23. Nf3 Ra4 24. dxe5 Nxe5 25. Nxe5 dxe5 26. Rb3 Qxc4 27.
Rxb6 Qd5 28. Qb3 c4 29. Qc3 Qc5 30. Rb4 Qxb4 31. axb4 Rxa2 32. Qxc4 Rb2 33.
Qb5 h5 34. h4 e4 35. Qd5 Ra1+ 36. Kg2 Raa2 37. Qd8+ Kg7 38. Qd4+ f6 39. Qxe4
Rxf2+ 40. Kg1 Kh6 41. Qe8 g5 42. Qh8+ Kg6 43. e4 Kf7 44. Qxh5+ Ke7 45. hxg5
Rfd2 46. gxf6+ Kd8 47. Qh8+ Kc7 48. Qg7+ Kb6 49. f7 Rd1# 0-1

[Event "ITT Ciudad de Villa Martelli"]
[Site "Villa Martelli, ARG"]
[Date "2011.08.06"]
[Round "6"]
[White "Mayorga, Nicolas"]
[Black "Fabian, Gaston"]
[Result "1/2-1/2"]
[WhiteElo "2330"]
[BlackElo "2317"]

1. d4 Nf6 2. c4 g6 3. f3 d5 4. cxd5 Nxd5 5. e4 Nb6 6. Nc3 Bg7 7. Be3 O-O 8.
Qd2 Nc6 9. O-O-O Qd6 10. Nb5 Qd7 11. d5 Ne5 12. Qc2 c6 13. dxc6 Qxc6 14. Qxc6
bxc6 15. Nc7 Rb8 16. b3 a5 17. Na6 Bxa6 18. Bxa6 a4 19. Be2 axb3 20. axb3 f5
21. f4 Nf7 22. exf5 Nd5 23. Bd4 Rxb3 24. fxg6 hxg6 25. Bc4 Rb4 26. Bxd5 Bxd4
27. Be6 Be3+ 28. Kc2 Bxf4 29. Nf3 Kg7 30. Nd4 c5 31. Nc6 Rb6 32. Bd7 Ne5 33.
Nxe5 Bxe5 34. g3 Rb2+ 35. Kd3 Rff2 36. Ke4 Bd6 37. h4 Bxg3 38. h5 Rbe2+ 39.
Kd3 gxh5 40. Rxh5 Bf4 41. Rg1+ Rg2 42. Rxg2+ 1/2-1/2

[Event "ITT Ciudad de Villa Martelli"]
[Site "Villa Martelli, ARG"]
[Date "2011.08.06"]
[Round "6"]
[White "Latorre, Matias"]
[Black "Della Morte, German"]
[Result "1-0"]
[WhiteElo "2258"]
[BlackElo "2368"]

1. d4 Nf6 2. c4 g6 3. g3 Bg7 4. Bg2 d5 5. cxd5 Nxd5 6. Nf3 Nb6 7. O-O Nc6 8.
e3 O-O 9. Nc3 Re8 10. Re1 a5 11. Qe2 Be6 12. Rd1 Bc4 13. Qc2 Nb4 14. Qb1 e5
15. b3 exd4 16. bxc4 dxc3 17. Rxd8 Raxd8 18. Qb3 c2 19. Nd4 Bxd4 20. exd4 Re1+
21. Bf1 Rxd4 22. Qc3 Red1 23. Kg2 Na4 24. Qe3 Rd8 25. a3 Nc6 26. Qb3 Nc5 27.
Qxc2 Re1 28. Qc3 Re6 29. Be3 Ne4 30. Qb2 b6 31. Be2 Ne7 32. Rd1 Re8 33. Bg4
1-0

[Event "ITT Ciudad de Villa Martelli"]
[Site "Villa Martelli, ARG"]
[Date "2011.08.07"]
[Round "7"]
[White "Della Morte, German"]
[Black "Rego, Vinicius V. de Almeida"]
[Result "0-1"]
[WhiteElo "2368"]
[BlackElo "2273"]

1. e4 c5 2. Nf3 d6 3. d4 cxd4 4. Nxd4 Nf6 5. Nc3 g6 6. Be3 Bg7 7. f3 O-O 8.
Qd2 Nc6 9. Bc4 Bd7 10. O-O-O Rc8 11. Bb3 Ne5 12. h4 h5 13. g4 hxg4 14. h5 Nxh5
15. Rxh5 gxh5 16. Qh2 Rxc3 17. bxc3 Qa5 18. Bd2 Nxf3 19. Nxf3 gxf3 20. Qh4
Qe5 21. Bf4 Qxe4 22. Bd5 Qa4 23. Bb3 Qe4 24. Bd5 Qa4 25. Bb3 Qa5 26. Rd5 Qxc3
27. Rxh5 Qa1+ 28. Kd2 Qd4+ 29. Kc1 Qg1+ 30. Kd2 Qg2+ 31. Kc1 f2 0-1

[Event "ITT Ciudad de Villa Martelli"]
[Site "Villa Martelli, ARG"]
[Date "2011.08.07"]
[Round "7"]
[White "Della Morte, Pablo"]
[Black "Latorre, Matias"]
[Result "1/2-1/2"]
[WhiteElo "2319"]
[BlackElo "2258"]

1. e4 e5 2. Nf3 Nc6 3. Bb5 a6 4. Ba4 Nf6 5. O-O Be7 6. Re1 b5 7. Bb3 O-O 8.
h3 d6 9. c3 Na5 10. Bc2 d5 11. d4 Nxe4 12. Nxe5 f6 13. Nd3 Bd6 14. Nf4 c6 15.
Bxe4 dxe4 16. Rxe4 Bf5 17. Re1 Qd7 18. g4 Bg6 19. Nxg6 hxg6 20. Nd2 f5 21. b4
fxg4 22. Qxg4 Qf7 23. Qe6 Nb7 24. Bb2 a5 25. a3 Qxe6 26. Rxe6 Bf4 27. Nb3
Rf6 28. Re7 Rf7 29. Rae1 a4 30. Re8+ Rf8 31. Rxf8+ Kxf8 32. Nc5 Nxc5 33. dxc5
Rd8 34. Kg2 Kf7 35. Re4 g5 36. c4 bxc4 37. Rxc4 Rd3 38. h4 Rb3 39. hxg5 Bxg5
40. Rc2 Bf6 41. Bc1 Ke7 42. Kf1 Ke6 43. Ke2 Kd5 44. Rd2+ Kc4 45. Rc2+ Kb5 46.
Kd1 Rb1 47. Ke2 Rb3 48. Kd1 Rb1 49. Ke2 Rb3 1/2-1/2

[Event "ITT Ciudad de Villa Martelli"]
[Site "Villa Martelli, ARG"]
[Date "2011.08.07"]
[Round "7"]
[White "Guerrero, Alvaro"]
[Black "Menna Barreto, Felipe Kubiaki"]
[Result "1-0"]
[WhiteElo "2210"]
[BlackElo "2193"]

1. d4 Nf6 2. c4 e6 3. Nc3 d5 4. Bg5 Be7 5. e3 c6 6. cxd5 exd5 7. Bd3 Bg4 8.
Nge2 Bh5 9. O-O Bg6 10. f3 Bxd3 11. Qxd3 Nbd7 12. Bh4 O-O 13. Bf2 Re8 14. Rad1
Bb4 15. h3 Qe7 16. g4 Bxc3 17. bxc3 Nb6 18. Ng3 Nc4 19. Rde1 Nd6 20. Re2 Qe6
21. Kh2 Rac8 22. Rfe1 h5 23. gxh5 Nh7 24. h4 Qf6 25. Kg2 Qxh4 26. Rg1 Re6
27. e4 dxe4 28. fxe4 Nf6 29. Qf3 Ng4 30. Rh1 Qg5 31. e5 Nc4 32. Ne4 Nge3+ 33.
Kh2 Qf5 34. Rxe3 Nxe3 35. Qxe3 Qxh5+ 36. Kg2 Rg6+ 37. Bg3 Qg4 38. Nf2 Qe6 39.
a4 c5 40. Rh4 cxd4 41. Rxd4 Qb6 42. Qf3 Qb3 43. Ne4 Qa2+ 44. Rd2 Qxa4 45. Nd6
Rc7 46. Nxf7 Qe8 47. Rd8 Qxd8 48. Nxd8 Rd7 49. Nxb7 Rd2+ 50. Kf1 Ra6 51. Nc5
Ra1+ 52. Be1 Rdd1 53. Nd3 1-0

[Event "ITT Ciudad de Villa Martelli"]
[Site "Villa Martelli, ARG"]
[Date "2011.08.07"]
[Round "7"]
[White "Fabian, Gaston"]
[Black "Liascovich, Lucas Agustin"]
[Result "1/2-1/2"]
[WhiteElo "2317"]
[BlackElo "2428"]

1. d4 Nf6 2. c4 c5 3. d5 e5 4. Nc3 d6 5. e4 g6 6. Bd3 Bg7 7. Nge2 O-O 8. O-O
Na6 9. a3 Bd7 10. Rb1 Nh5 11. f3 Nc7 12. b4 b6 13. Be3 f5 1/2-1/2

[Event "ITT Ciudad de Villa Martelli"]
[Site "Villa Martelli, ARG"]
[Date "2011.08.08"]
[Round "8"]
[White "Latorre, Matias"]
[Black "Guerrero, Alvaro"]
[Result "0-1"]
[WhiteElo "2258"]
[BlackElo "2210"]

1. d4 d6 2. Nf3 Nf6 3. c4 g6 4. Nc3 Bg7 5. g3 O-O 6. Bg2 Nc6 7. O-O a6 8. h3
Rb8 9. e4 e5 10. Bg5 h6 11. Be3 Qe8 12. dxe5 Nxe5 13. Nxe5 Qxe5 14. Ba7 Ra8
15. Bd4 Qa5 16. a3 Be6 17. e5 dxe5 18. b4 exd4 19. bxa5 dxc3 20. Bxb7 Rab8 21.
Bxa6 Bxh3 22. Re1 Rb2 23. Qf3 Ng4 24. Re2 Bd4 25. Bb7 Rd8 26. a6 c2 27. Be4
Ne5 28. Qh1 c1=Q+ 29. Rxc1 Rxe2 30. Qxh3 Rxe4 31. Kh1 Ng4 32. Qf1 Nxf2+ 33.
Kg2 Ng4 34. Qd3 Rde8 35. c5 Re2+ 36. Qxe2 Rxe2+ 37. Kf3 Ra2 38. Kxg4 Rxa3 0-1

[Event "ITT Ciudad de Villa Martelli"]
[Site "Villa Martelli, ARG"]
[Date "2011.08.08"]
[Round "8"]
[White "Menna Barreto, Felipe Kubiaki"]
[Black "Fabian, Gaston"]
[Result "1/2-1/2"]
[WhiteElo "2193"]
[BlackElo "2317"]

1. Nf3 Nf6 2. c4 g6 3. b3 Bg7 4. Bb2 d6 5. e3 O-O 6. Be2 e5 7. O-O Re8 8. d4
e4 9. Nfd2 h5 10. Nc3 Bf5 11. f3 exf3 12. Bxf3 Ng4 13. Bxg4 Bxg4 14. Qe1 Bxd4
15. exd4 Rxe1 16. Raxe1 Bf5 17. Nd5 Nc6 18. Ne4 Bxe4 19. Rxe4 Kg7 20. b4 a5
21. b5 Nb4 22. Nf4 d5 23. Re5 dxc4 24. d5 Kh6 25. Bc1 Kg7 26. Bb2 Kh6 27. Bc1
Kg7 1/2-1/2

[Event "ITT Ciudad de Villa Martelli"]
[Site "Villa Martelli, ARG"]
[Date "2011.08.08"]
[Round "8"]
[White "Liascovich, Lucas Agustin"]
[Black "Saldano Dayer, Horacio"]
[Result "1/2-1/2"]
[WhiteElo "2428"]
[BlackElo "2428"]

1. Nf3 Nf6 2. g3 d5 3. Bg2 c6 4. O-O Bg4 5. d3 Nbd7 6. Nbd2 e6 7. e4 Bd6 8.
Re1 O-O 9. h3 Bxf3 10. Nxf3 e5 1/2-1/2

[Event "ITT Ciudad de Villa Martelli"]
[Site "Villa Martelli, ARG"]
[Date "2011.08.09"]
[Round "9"]
[White "Della Morte, Pablo"]
[Black "Rego, Vinicius V. de Almeida"]
[Result "1-0"]
[WhiteElo "2319"]
[BlackElo "2273"]

1. e4 c5 2. Nf3 d6 3. d4 cxd4 4. Nxd4 Nf6 5. Nc3 g6 6. Be3 Bg7 7. f3 O-O 8.
Qd2 Nc6 9. O-O-O Nxd4 10. Bxd4 Be6 11. Kb1 Qc7 12. Nb5 Qc6 13. Be3 Rfd8 14.
Nd4 Qc8 15. g4 Bc4 16. g5 Ne8 17. h4 Bxf1 18. Rdxf1 d5 19. e5 Bxe5 20. h5 Nd6
21. hxg6 hxg6 22. f4 Nc4 23. Qh2 Bg7 24. f5 Nxe3 25. f6 exf6 26. gxf6 Bxf6 27.
Rxf6 Kg7 28. Qe5 Ng4 29. Rxf7+ 1-0